000 01099cam a2200349 a 4500
001 2870778
003 OSt
005 20230704082745.0
008 851025s1985 enk 001 0 eng
010 _a 85220887
020 _a0420470506
020 _a0420470603 (pbk.)
040 _aDLC
_cDLC
_dDLC
043 _ae-uk-en
050 0 0 _aKD674
_b.H3 1985
082 0 0 _a346.42/004
_a344.206004
_219
_bMAU
100 1 _aHanbury, Harold Greville,
_d1898-1993.
240 1 0 _aModern equity
245 1 0 _aHanbury and Maudsley Modern equity /
_cby Harold Greville Hanbury and Ronald Harling Maudsley.
250 _a11th ed. /
_bby Jill E. Martin.
260 _aLondon :
_bStevens,
_c1985.
300 _acxiv, 920 p. ;
_c26 cm.
500 _aRev. ed. of: Modern equity. 11th ed. 1981.
500 _aIncludes indexes.
650 0 _aEquity
_zEngland.
700 1 _aMaudsley, Ronald Harling.
700 1 _aMartin, Jill E.
700 1 _aHanbury, Harold Greville,
_d1898-1993.
_tModern equity.
740 0 _aModern equity.
906 _a7
_bcbc
_corignew
_d3
_encip
_f19
_gy-gencatlg
942 _2ddc
_cBK
999 _c3552
_d3552